| 000 | 01426nab a2200241 i 4500 | ||
|---|---|---|---|
| 001 | 768714001 | ||
| 003 | CO-MdFUSB | ||
| 005 | 20240517113651.0 | ||
| 008 | 240517t1972 sp ||||| |||| 00| 0 spa d | ||
| 040 |
_bspa _cCO-MdFUSB _dCO-MdFUSB |
||
| 041 | _aspa | ||
| 100 |
_aBaum, Gregory, _d1923-2017 _eautor |
||
| 245 |
_aRepercusión de los cambios culturales en el problema de Dios _c/ Gregory Baum ; traducido por Jesús Valiente Malla |
||
| 520 | _aEl problema de Dios en su planteamiento clásico se refiere a su existencia. ¿Existe Dios? Esta era la pregunta crucial que las gentes se hacían; según la respuesta que diesen, eran teístas o ateos. Hoy se plantea de otra manera la cuestión crucial referente a Dios. Dados los cambios significativos de la sociedad occidental, que en algunos casos han afectado también a la vida de la Iglesia, las personas han redefinido sus relaciones con la realidad, llegando también a plantear de una forma nueva la cuestión relativa a lo divino. | ||
| 650 | 7 |
_aDios _9178 |
|
| 650 | 0 |
_aCristianismo y ateísmo. _91246 |
|
| 650 | 7 |
_aCultura _93 |
|
| 650 | 7 |
_aReligión _9385 |
|
| 700 |
_aValiente Malla, Jesús, _etraductor |
||
| 773 | 0 |
_049450 _982644 _oR2566 _tRevista internacional de teología Concilium _w(CO-MdFUSB)8 _x0210-1041 _gNúmero 76, (junio, 1972), páginas: 359 - 369 _qpágina: 359 |
|
| 942 | _cANA | ||
| 945 | _aCatherine Arias Alvarez - Practicante SENA | ||
| 999 |
_c69771 _d69771 |
||